000 00281nam a2200121Ia 4500
005 20251222144901.0
008 251222s9999||||xx |||||||||||||| ||spa||
020 _a84-226-4144-5
082 _a868.6/M26
100 _a"MarĂ­as, Javier "
245 0 _aTodas las Almas
942 _cLIB
999 _c21995
_d21995